00420cam a2200169ua 45000010005000000080039000050200018000440400009000620410008000710820008000791000025000872450066001122500009001782600027001873000014002146530022002287185141203n ii |||gr||||Z||||||eng a9789380261614 cMAIN aeng a954 aSharma, D.,eAuthor.1 aGlimpses of northeast India archaeologyc By Dhritiman Sharma a1st. aGuwahati:bEBH,c2012. avii,157p. aNortheast history